Tini y otros relatos /

Guardado en:
Autor Principal: Wilde, Eduardo
Formato: Libro
Publicado: Buenos Aires : Eudeba, 1960
Edición:2a. ed.
Series:Serie del siglo y medio
Materias:
Etiquetas: Agregar Etiqueta
Sin Etiquetas, Sea el primero en etiquetar este registro!
LEADER 00709nam a22002295a 4500
001 CEM.cems006668
005 20100915122256.0
008 130507s1960##################000#0#####d
003 CEMS
082 0 4 |a A868.4 
100 1 |a Wilde, Eduardo 
245 1 0 |a Tini y otros relatos /  |c Eduardo Wilde 
250 |a 2a. ed. 
260 |a Buenos Aires :  |b Eudeba,  |c 1960 
300 |a 134 p. 
490 0 |a Serie del siglo y medio 
505 0 |a Prometeo y Cía -- Tiempo perdido -- Recuerdos, recuerdos ... entre la niebla -- Aguas abajo 
653 |a Literatura 
653 |a Literatura argentina-siglo 20 
653 |a Cuentos 
653 |a Cuento argentino 
859 |a CEMS  |b BIB. CEMS - 11 de abril  |h A868.4  |i W644a2  |p 8588.80  |t Ej.1